000 00727nam a22002177a 4500
005 20180222101733.0
010 _aB-689594
020 _c280.00
035 _aB-689594
037 _bBSB
_adpl
082 _a351.16
100 _aMuthuswamy
245 _aSwamy's compilation of conduct rules:
_cby Muthuswamy
_bapproved as a reference books /
260 _aChennai
_bSwamy Publishers
_c2017
270 _a236, R.K. Mutt Road, Post Box No.2468,
_bChennai
_e600028
300 _axvi,239p.
_c22cm(pbk)
500 _aIncludes index
505 _aRashtrapati Bhawan
942 _2ddc
_cEN
_mMUT
_h351.16
999 _c150080
_d150080